00342 a2200097 4500001001000000005001700010008004100027245003700068100002500105773011400130ART_4186620260410162023.0260409a 10aNo habrá más penas ni olvido1 aSabelli, Héctor E.0 tJurisprudencia ArgentinagJurisprudencia de la Corte Suprema de Justicia de la Nación (abr. 2006)wREV41622